| 000 | 01846nam0a2200361 i 4500 | ||
|---|---|---|---|
| 001 | RU\NLR\BIBL_A\011091552 | ||
| 005 | 20260405122535.0 | ||
| 010 |
_a9785437700617 _9500 |
||
| 021 |
_aRU _b2016-20090 _91276 |
||
| 035 | _a(NILC)RuMoRGB-008244436 | ||
| 035 | _a(NLR Aleph) 011091552 | ||
| 090 |
_a11370400 _c11370400 |
||
| 100 | _a20160330d2016 um y0rusy50 ca | ||
| 101 | 0 | _arus | |
| 102 | _aRU | ||
| 105 | _aa|||j|||000yy | ||
| 200 | 1 |
_aОсновы внешнеэкономической деятельности _eучебное пособие для обучающихся по программам высшего образования по специальности 38.05.02 (036401.65) "Таможенное дело" _fМ. Ф. Ткаченко, И. И. Шатская |
|
| 210 |
_aСанкт-Петербург _cТроицкий мост _d2016 |
||
| 215 |
_a231 с. _cил., табл. _d21 |
||
| 225 | 1 | _aУчебное пособие | |
| 320 | _aБиблиогр. в конце гл. | ||
| 606 | 1 |
_aПредприятия _jУчебные издания для высших учебных заведений _xВнешнеэкономическая деятельность _92079033 _3RU\NLR\AUTH\661254903 |
|
| 607 |
_aРоссийская Федерация _jУчебные издания для высших учебных заведений _xЭкономические взаимоотношения _92071077 _3RU\NLR\AUTH\661245821 |
||
| 675 | _a339.9 | ||
| 686 | 1 | _aУ29(2)8я73 | |
| 686 | 1 | _aУ9(2)8(2Р)я73 | |
| 700 | 1 |
_8rus _7ca _aТкаченко _bМ. Ф. _gМарина Федоровна _3RU\NLR\AUTH\7748363 _931298 |
|
| 701 | 1 |
_aШатская _bИ. И. _gИрина Ивановна |
|
| 801 | 0 |
_aRU _bРГБ _c20160315 _gRCR |
|
| 942 | _cBOOK | ||
| 980 | _aNBR | ||